| 000 | 01073nac a22002771i 4500 | ||
|---|---|---|---|
| 003 | EG-ScBUE | ||
| 005 | 20231108124055.0 | ||
| 008 | 090114s2005 ua af b 000 0 ara d | ||
| 017 | _a2002 / 20951 | ||
| 020 | _a9770909020 (pbk.) | ||
| 040 |
_aEG-ScBUE _bara _erda _cEG-ScBUE _dEG-ScBUE |
||
| 082 | 0 | 4 |
_a320.54095694 _bم س ي _222 |
| 100 | 1 |
_aمسيري، عبد الوهاب، _d1938-2008، _eمؤلف. _91741 |
|
| 245 | 1 | 2 |
_aالبروتوكولات واليهودية والصهيونية / _cد. عبد الوهاب المسيري. |
| 250 | _aالطبعة الرابعة. | ||
| 264 | 1 |
_aالقاهرة : _bدار الشروق، _c2005. |
|
| 300 |
_a254 صفحة ؛ _c24 سم |
||
| 336 |
_2rdacontent _aنص _btxt |
||
| 337 |
_aبدون وسيط _2rdamedia _bn |
||
| 338 |
_aمجلد _bnc _2rdacarrier |
||
| 504 | _aيشتمل علي إرجاعات ببليوجرافية. | ||
| 650 | 7 |
_aبروتوكولات حكماء صهيون. _2BUEsh _913692 |
|
| 650 | 7 |
_aالصهيونية و اليهودية. _2BUEsh _913399 |
|
| 655 | _vReading book | ||
| 942 |
_cBB _2ddc |
||
| 999 |
_c5534 _d5534 |
||